000 01134nam a22002897a 4500
001 BR6004666
003 BR-BrBNA
005 20230928083214.0
007 ta
008 230509b bl.||||| |||| 00| 0 por d
040 _aBR-BrBNA
_bpor
_cBiblioteca Nacional de Agricultura
041 _a(Por)
072 _aF00; F25
_b1930
_b3820
_b/G514
090 _ 1930 BR6004666
100 1 _aPrates, E.R.
110 1 _aUniversidade Federal do Rio Grande do Sul, Porto Alegre (Brasil). Faculdade de Agronomia e Veterinaria
_0Tese (Magister Scientiae em Producao vegetal)
_911161
245 1 _aEfeito de doses de nitrogenio e de intervalos entre cortes sobre a producao e composicao de dois ecotipos de Paspalum notatum fliigge e da cultivar pensacola Paspalum notatum fliigge var. Saurae parodi [Graminea; Brasil]
260 3 _aPorto Alegre, RS (Brasil):
_c1970.
300 _a54 p.
500 _aBibliography p. 42-45 (52 ref.); Summary (Por); Microficha
650 _aFertilidade do solo
650 _aGraminea
650 _aFertilizante nitrogenado
650 _aVariedade
909 _a202309
_bLucia
_c55
_dLucia Elande
942 _cBK
999 _c12143
_d12143